000 00708nam a2200205Ia 4500
001 12331
003 GE_BSU
008 181216s||||||||xx |||||||||||||| ||und||
040 _cGE_BSU
080 _a581.1
100 _aУоллес,Артур
245 _aПоглощение растениями питательных веществ из растворов
245 _cПер. с англ. Е.А.Тихомировой.Под ред.Журбицкого З.И.
260 _aМосква
260 _bКолос
260 _c1965
300 _a279стр.21см.
653 _aПоглощение растениями питательных веществ из растворов
942 _cBK
999 _c45506
_d45506